| 000 | 01010nam a2200313 i 4500 | ||
|---|---|---|---|
| 001 | 000048450 | ||
| 003 | DO-SdBNP | ||
| 005 | 20230621140354.0 | ||
| 007 | ta | ||
| 008 | 190321s2017 dr r 000 0 spa d | ||
| 020 | _a9789945501124 | ||
| 040 |
_aDO-SdBNP _bspa _cBNPHU _erda |
||
| 082 | 4 |
_aRD861.44 _bM691o _222 |
|
| 100 | 1 |
_aModesto Galán, Tomás _975867 |
|
| 245 | 1 | 0 |
_aOdisea vital : _bpoesía / _cTomás Modesto Galán. |
| 264 |
_aSanto Domingo : _bUASD, _c2017. |
||
| 300 |
_a150 páginas : _bUASD, _c21 cm. |
||
| 336 |
_2rdacontent _atexto _btxt |
||
| 337 |
_2rdamedia _asin mediación _bn |
||
| 338 |
_2rdacarrier _avolumen _bnc |
||
| 500 | _aIncluye dtos biográficos del autor p. 147-149 | ||
| 590 | _aInventariado, 2019/BT | ||
| 590 | _aLa biblioteca pose un ejemplar autografiado por el autor | ||
| 650 | 4 | _aPoesía dominicana | |
| 650 | 4 | _aLiteratura dominicana | |
| 710 | 2 | _aUniversidad Autónoma de Santo Domingo | |
| 910 | _aValidado. Control de calidad MFF | ||
| 942 |
_2ddc _cLBS1 |
||
| 999 |
_c47938 _d47938 |
||